000 04207nkm0a2200529 4500
001 RU\NLR\bibl\2084823
005 20260503052631.0
020 _aRU
_b525
_9ЛЕНИНГРАД В ВЕЛИКОЙ ОТЕЧЕСТВЕННОЙ ВОЙНЕ: Печать Ленинграда, 1941 - 1945: каталог изданий, хранящихся в фондах Государственной Публичной библиотеки, вып.2. Листовки,плакаты,открытки,альбомы/Гос.публ.б-ка им.М.Е.Салтыкова-Щедрина. - Ленинград,1972
035 _a(NLR Aleph) 010001311
090 _a13290098
_c13290098
100 _a20131030j1945 u y0rusy50 ca
101 0 _arus
102 _aRU
105 _ay z |||||
135 _acrcn 024apaba
200 1 _aПодписание акта о безоговорочной капитуляции германских вооруженных сил. Акт о военной капитуляции
_eПодписано 8 мая 1945 г. в гор. Берлине
210 _a[Ленинград]
_cПолит. упр. Ленингр. фронта
_d[1945, май, 9]
215 _a1 с.
_d28х18
300 _aПодписи: от имени Германского верховного командования Кэйтель, Фридебург, Штумпф в присутствии: по уполномочию Верховного главнокомандования Красной Армии маршала Советского Союза Г. Жукова; по уполномочию Верховного главнокомандующего экспедиционными силами союзников главного маршала авиации Теддера. При подписании также присутствовали в качестве свидетелей: командующий стратегическими воздушными силами США генерал Спаатс; главнокомандующий французской армией генерал Делатр де Тассиньи
337 _aЭлектронная копия доступна в Электронной библиотеке РНБ
517 1 _aАкт о военной капитуляции
606 1 _aБлокада Ленинграда
_jЛистовки
_z1941 - 1944
_92077679
_3RU\NLR\AUTH\661253360
686 _aТ3(0)626.7,011
686 _aТ3(2)722.721,011
702 1 _4720
_7ca
_8rus
_aКейтель
_bВ.
_cфельдмаршал
_f1882-1946
_gВильгельм
_9118015
_3RU\NLR\AUTH\778096
702 1 _aФридебург
_bГ. Г. фон
_f1895-1945
_gГанс Георг фон
_4720
702 1 _aШтумпф
_bГ. -Ю.
_f1889-1968
_gГанс-Юрген
_4720
702 1 _4720
_7ca
_8rus
_aЖуков
_bГ. К.
_cполководец
_f1896-1974
_gГеоргий Константинович
_924736
_3RU\NLR\auth\7741788
702 1 _aТеддер
_bА. У.
_f1890-1967
_gАртур Уильям
_4720
702 1 _aСпаатс
_bК. Э.
_f1891-1974
_gКарл Эндрюс
_4570
702 1 _4570
_aЛатр де Тассиньи
_bЖ. де
_cмаршал
_f1889-1952
_gЖан де
_9126841
_3RU\NLR\auth\770126861
712 0 2 _4570
_aЛенинградский фронт
_bПолитическое управление
_c1941-1945
_9382139
_3RU\NLR\AUTH\880357288
801 0 _aRU
_bNLR
_c19720101
_gPSBO
801 1 _aRU
_bNLR
_c20131030
_gRCR
852 _aNLR
_bЛ3-330л
_j3/2-7
856 0 _uhttp://vivaldi.nlr.ru/ll000075306/view
856 1 _uhttp://vivaldi.nlr.ru/ll000075306/cover
856 2 _uhttp://vivaldi.nlr.ru/ll000075306/text
901 _eКнижные издания
942 _cVISUAL
945 _aРоссийская национальная библиотека
980 _aBV
980 _aNB
981 3 7 _a(37) Ленинград в Великой Отечественной войне
_b(37) Листовки блокадного Ленинграда
981 2 1 _a(21) Листовки
_b(21) Листовки блокадного Ленинграда